Doctor Who Enemies (By Episode) Quiz Stats

Quiz not verified by Sporcle

Challenge
Share
Tweet
Embed
Score 0/102 Timer 12:00
0 Plays Today
Episode Enemy % Correct
DalekDalek
96.6%
RoseAutons
91.4%
Aliens Of LondonSlitheen
89.7%
World War ThreeSlitheen
89.7%
Tooth And ClawWerewolf
87.9%
End Of The WorldCassandra
86.2%
Boom TownMargaret/Slitheen
86.2%
Rise Of The CybermenCybermen/John Lumic
86.2%
The Age Of SteelCybermen/John Lumic
86.2%
Bad WolfDaleks
84.5%
The Parting Of WaysDalek Emperor/Daleks
84.5%
BlinkWeeping Angels
84.5%
The Long GameThe Mighty Jagrafess/The Editor
82.8%
The Christmas InvasionSycorax
82.8%
The Impossible PlanetThe Beast
82.8%
The Satan PitThe Beast
82.8%
Army Of GhostsCybermen
82.8%
DoomsdayCybermen/Daleks
82.8%
Smith And JonesPlasmavore/Judoon
82.8%
Daleks In ManhattanCult Of Skaro
82.8%
Evolution Of The DaleksCult Of Skaro
82.8%
The Sound Of DrumsThe Master
82.8%
The Last Of The TimelordsThe Master
82.8%
Victory Of The DaleksDaleks
82.8%
The Time Of AngelsWeeping Angels
82.8%
The Impossible AstronautThe Silence
82.8%
The Idiot's LanternThe Wire
81%
Human NatureThe Family
81%
The Family Of BloodThe Family
81%
Partners In CrimeThe Adipose/Miss Foster
81%
Planet Of The OodThe Ood/Halpen
81%
The Sontaran StratagemSontarans
81%
The Poison SkySontarans
81%
The Stolen EarthDavros/Daleks
81%
Episode Enemy % Correct
Journey's EndDavros/Daleks
81%
The End Of TimeThe Master/Timelords
81%
Asylum Of The DaleksDaleks
81%
The Angels Take ManhattanWeeping Angels
81%
The Unquiet DeadGelth
79.3%
New EarthCassandra/Cat Sisters
79.3%
The Lazarus ExperimentProfessor Lazarus
79.3%
Silence In The LibraryVashta Nerada
79.3%
Forest Of The DeadVashta Nerada
79.3%
Flesh And StoneWeeping Angels
79.3%
The Hungry EarthSilurians
79.3%
The Pandorica OpensAll Of Them
79.3%
Day Of The MoonThe SIlence
79.3%
Father's DayReapers
77.6%
Love & MonstersAbzorbaloff
77.6%
The Next DoctorCybermen/Miss Hartigan
77.6%
Cold BloodSilurians
77.6%
Closing TimeCybermen
77.6%
The SnowmenThe Great Intelligence/Snowmen/Ice Governess
77.6%
The Runaway BrideEmpress Of The Racnoss
75.9%
The Waters Of MarsWater
75.9%
The Vampires Of VeniceSaturnynians
75.9%
Amy's ChoiceDream Lord/Eknodines
75.9%
The Wedding Of River SongMadame Kovarian/The Silence
75.9%
School ReunionKrillitanes
74.1%
42The Sun
70.7%
A Good Man Goes To WarMadame Kovarian/Headless Monks
70.7%
Cold WarSkaldak
70.7%
Nightmare In SilverCybermen
70.7%
Turn LeftTime Beetle
69%
The Curse Of The Black SpotSiren
69%
The Empty ChildNanogenes/Gas Mask People/The Child
67.2%
The Doctor DancesNanogenes/Gas Mask People/The Child
67.2%
Voyage Of The DamnedMax Capricorn/Hosts
67.2%
Episode Enemy % Correct
The Doctor's DaughterHath/General Cobb
67.2%
The Rebel FleshGangers
67.2%
The Almost PeopleGangers
67.2%
GridlockMacra
65.5%
UtopiaFuture Kind
65.5%
The Unicorn And The WaspVespiform
65.5%
The Eleventh HourPrisoner Zero/Atraxi
65.5%
The Doctor's WifeHouse
65.5%
The Shakespeare CodeCarrionites
63.8%
Fear HerIsolus
62.1%
The Day Of The DoctorZygons
60.3%
The Fires Of PompeiiPyroviles/The Sisterhood
58.6%
A Town Called MercyKahler-Jex/The Gunslinger
58.6%
The Name Of The DoctorThe Great Intelligence/The Whisper Men
58.6%
The Girl Who WaitedHandbots/Plague
56.9%
The Bells Of Saint JohnThe Great Intelligence/Miss Kizlet
56.9%
A Christmas CarolKazran Sardick
55.2%
The Rings Of AkhatenAkhaten/Grandfather
55.2%
The Girl In The FireplaceClockwork Androids
53.4%
MidnightUnknown
53.4%
The Beast BelowSmilers
53.4%
Let's Kill HitlerRiver Song
51.7%
Night TerrorsDolls
48.3%
Dinosaurs On A SpaceshipSolomon
48.3%
HideGhost/Creature
48.3%
Vincent And The DoctorKrafayis
46.6%
The Power Of ThreeShakri
41.4%
The Crimson HorrorMrs Gillyflower/Mr Sweet/Leech
37.9%
Planet Of The DeadCarnivorous Stingray's
36.2%
The Doctor, The Widow And The WardrobeWood Creatures
36.2%
The God ComplexNimon/The Beast
32.8%
The Big Bang(No Notable Enemy)
20.7%
Journey To The Centre Of The TardisOssified Creature
20.7%
The LodgerSpaceship Hologram
19%

You're not logged in!

Compare scores with friends on all Sporcle quizzes.
Join for Free
OR
Log In

You Might Also Like...

Show Comments

Extras

Created Dec 10, 2013ReportNominate
Tags:Doctor Who Quiz

Top Quizzes Today


Score Distribution

Your Account Isn't Verified!

In order to create a playlist on Sporcle, you need to verify the email address you used during registration. Go to your Sporcle Settings to finish the process.

Report this User

Report this user for behavior that violates our Community Guidelines.

Details: